Two spies on a rooftop: (Record no. 3415)

000 -LEADER
fixed length control field 00670nam a2200193 a 4500
001 - CONTROL NUMBER
control field :::00001145$&:&@@
003 - CONTROL NUMBER IDENTIFIER
control field OkBaRHE
005 - DATE AND TIME OF LATEST TRANSACTION
control field 20000607103241.0
008 - FIXED-LENGTH DATA ELEMENTS--GENERAL INFORMATION
fixed length control field s1978 j 000 0 eng u
040 ## - CATALOGING SOURCE
Transcribing agency
100 1# - MAIN ENTRY--PERSONAL NAME
Personal name Radius, Marianne Catherine Vos.
245 10 - TITLE STATEMENT
Title Two spies on a rooftop:
Remainder of title and other story sermons for children's church.
260 ## - PUBLICATION, DISTRIBUTION, ETC. (IMPRINT)
Place of publication, distribution, etc Grand Rapids, MI., :
Name of publisher, distributor, etc Baker Book House
Date of publication, distribution, etc 1978
300 ## - PHYSICAL DESCRIPTION
Extent 368 p. ;
Dimensions 22 cm.
650 ## - SUBJECT ADDED ENTRY--TOPICAL TERM
Topical term or geographic name as entry element Bible Stories, English
General subdivision Old Testament
650 ## - SUBJECT ADDED ENTRY--TOPICAL TERM
Topical term or geographic name as entry element Children's Sermons
General subdivision Old Testament
942 ## - ADDED ENTRY ELEMENTS (KOHA)
Source of classification or shelving scheme
Koha item type Books
Copies
Full call number Permanent Location Copy number Lost status Source of classification or shelving scheme Damaged status Koha item type Shelving location Barcode Withdrawn status Date acquired Price effective from Not for loan Date last seen
BS 550.2 .R328RHEMA Bible Training College1   BooksGeneral Stacks1145 2010-04-142010-04-14 2018-02-16